000 00611nam a2200193 i 4500
001 107445
003 ES-MaACL
005 20250815062535.0
007 t|
008 041119q19001950sp ||||1| spa d
100 1 _aIzquierdo y Croselles, Juan.
_965749
245 1 0 _aCompendio de Geografía Universal /
_cpor Juan Izquierdo y Croselles y Joaquín Izquierdo y Croselles.
260 _aGranada :
_bUrania,
_c[19-?]
300 _a5 v. :
_bil. ;
_c24 cm.
650 0 7 _aGeografía
_2embne
_913070
700 1 _aIzquierdo y Croselles, Joaquín.
_965748
852 _aES-MaACL
_jA-1750-54
999 _c107445
_d107445